El acceso a la educación superior en Venezuela: equidad o inequidad

Đã lưu trong:
Chi tiết về thư mục
Những tác giả chính: Pérez de Pérez, Anneris (Tác giả), Díaz Jaimes,María Elena (Tác giả)
Định dạng: Sách
Ngôn ngữ:Tiếng Tây Ban Nha
Được phát hành: Caracas Universidad Pedagógica Experimental Libertador 2008
Những chủ đề:
Các nhãn: Thêm thẻ
Không có thẻ, Là người đầu tiên thẻ bản ghi này!

MARC

LEADER 00000nam a2200000 a 4500
001 UCH2960
003 CL-VaPUC
008 090709e20080000VE |||||||||||||||||spa|d
020 |a 9789802811489 
082 0 4 |a 378.987  |b PER  |2 21 
100 0 |a Pérez de Pérez, Anneris  |e author  |9 538044 
700 0 |a Díaz Jaimes,María Elena  |e author  |9 538045 
245 1 3 |a El acceso a la educación superior en Venezuela: equidad o inequidad 
300 |a 169 p 
942 |c BK 
945 |d 20090709 00:00:00  |a rbrito 
260 |a Caracas  |b Universidad Pedagógica Experimental Libertador  |c 2008 
650 0 |a Educación superior   |9 223851 
650 0 |a Política educacional  |9 308011 
650 7 |a PRUEBA DE APTITUD ACADEMICA  |2 CL-VaPUC  |9 538046 
651 0 |a Venezuela  |9 254993 
583 |a last modification  |c 20090709 00:00:00  |k Rodrigo Vera 
999 |c 334619  |d 334617 
952 |0 0  |1 0  |4 0  |6 378_987000000000000_PER_2008  |7 0  |8 A  |9 423731  |a FDOPOS  |b FDOPOS  |d 2019-11-22  |i 4570154  |o 378.987 PER 2008  |p 4570154  |r 2025-01-22  |w 2019-11-22  |y BK  |k DLA